1st, 2nd and 3rd largest cities in countries (#3) - Statistics

General Stats
  • This quiz has been taken 45 times
  • The average score is 12 of 15
Answer Stats
Country Rank in country Population Answer % Correct
Denmark 1st 1,330,993 Copenhagen
100%
Russia 1st 12,480,481 Moscow
100%
Switzerland 1st 420,217 Zürich
100%
2nd 3,430,992 Cape Town
98%
2nd 203,951 Geneva
98%
South Africa 1st 7,860,781 Johannesburg
98%
2nd 5,398,064 Saint Petersburg
98%
Belgium 1st 529,247 Antwerp
90%
3rd 2,786,046 Durban
76%
2nd 280,534 Aarhus
73%
3rd 173,232 Basel
71%
2nd 263,927 Ghent
68%
3rd 1,625,631 Novosibirsk
49%
3rd 180,302 Odense
46%
3rd 202,746 Charleroi
34%
No matching quizzes found
Score Distribution
Percent of People with Each Score
Percentile by Number Answered
Your Score History
You have not taken this quiz